Morfologické a funkcionálne rozdiely dolných končatín

Podrobná bibliografia
Hlavný autor: Ladziansky, Július, 1903-1943 (Autor)
Médium: Článok
Jazyk:slovenčina

MARC

LEADER 00000nab a2200000ua 4500
001 vtls010770020
003 SK-MaSNL
005 20260303123348.0
008 230214s1943 xo |||||||||||||||||slo|
035 |a (urnnbn)urn:nbn:sk:snk:ar-a034zx 
035 |a (uuid)87e02f04-f68b-4803-a88e-4dd2ca2df86a 
035 |a urn:nbn:sk:snk-ab53ba 
040 |a SNKBUCL  |b slo  |c SNKBUCL  |e AACR2 
041 0 |a slo 
044 |a xo  |c SK 
100 1 |a Ladziansky, Július,  |d 1903-1943  |4 aut  |9 170536 
245 1 0 |a Morfologické a funkcionálne rozdiely dolných končatín  |c Július Ladziansky 
773 0 |t Bratislavské lekárske listy  |g Roč. 23, č. 4 (1943), s. [81]-86 
954 |a odborná, vedecká literatúra pôvodná (slovenská)  |2 lita 
958 |a OND 
958 |a EUIPO 
958 |a article3 
999 |c 1925443  |d 1927373